| 000 | 00396nam a2200157Ia 4500 | ||
|---|---|---|---|
| 008 | 151213s9999 xx 000 0 und d | ||
| 100 | _aWilliam G. Zikmund | ||
| 245 |
_aExploring Marketing Research _cWilliam G. Zikmund |
||
| 250 | _a8th | ||
| 260 |
_aCanada _bThomson _c2001 |
||
| 300 | _a2416 p. | ||
| 650 | _aMarketing | ||
| 650 | _aMarketing | ||
| 700 | _aWilliam G. Zikmund | ||
| 999 |
_c1687 _d1687 |
||